00916 2200349 4500001002100000005001500021035002000036007000300056008004100059020002300100082001100123084001700134100002000151245008700171250001000258260003600268300002900304500004100333650002700374700002400401504003100425990001100456990001100467990001100478990001100489990001100500990001100511990001100522990001100533990001100544990001100555INLIS00000000000390620190808102833 a0010-0819000049ta190808 g 0 ind  a9789-979-26-6794-3 a297.77 a297.77 FUH k0 aFUHAIM, Mustafa1 aKurikulum Pendidikan Anak Muslim /cFuhaim Mustafa; penerjemah, Wafi Marzuki Ammar acet.2 aSurabaya :bPustaka eLBA,c2015 a339 hlm :bilus ;c24 cm aJudul asli: Minhajuth Thiflil Muslim 4aPENDIDIKAN ANAK. ISLAM0 aWAFI, Marzuki Ammar aBibliografi.: hlm. 338-339 a6063 a a6063 b a6063 a a6063 b a6063 a a6063 b a6063 a a6063 b a6063 a a6063 b